Climate change and agriculture in India: studies from selected river basins (Record no. 165772)
[ view plain ]
| 000 -LEADER | |
|---|---|
| fixed length control field | 00751nam a2200229Ia 4500 |
| 003 - CONTROL NUMBER IDENTIFIER | |
| control field | OSt |
| 005 - DATE AND TIME OF LATEST TRANSACTION | |
| control field | 20230511090608.0 |
| 008 - FIXED-LENGTH DATA ELEMENTS--GENERAL INFORMATION | |
| fixed length control field | 210423s2014 xx 000 0 und d |
| 020 ## - INTERNATIONAL STANDARD BOOK NUMBER | |
| International Standard Book Number | 978-0-415-73599-5 |
| 040 ## - CATALOGING SOURCE | |
| Transcribing agency | AL |
| 041 ## - LANGUAGE CODE | |
| Language code of text/sound track or separate title | eng |
| 082 ## - DEWEY DECIMAL CLASSIFICATION NUMBER | |
| Classification number | 338.1 PALC |
| 100 ## - MAIN ENTRY--PERSONAL NAME | |
| Personal name | PALANISAMI (K );RANGANATHAN (C R );NAGOTHU( Udaya Shekar);KAKUMANU ( Krishna Reddy ) |
| 9 (RLIN) | 102073 |
| 245 ## - TITLE STATEMENT | |
| Title | Climate change and agriculture in India: studies from selected river basins |
| 260 ## - PUBLICATION, DISTRIBUTION, ETC. | |
| Place of publication, distribution, etc. | New Delhi |
| Name of publisher, distributor, etc. | Routledge |
| Date of publication, distribution, etc. | 2014 |
| 300 ## - PHYSICAL DESCRIPTION | |
| Extent | xxii,319p |
| Other physical details | HB |
| 365 ## - TRADE PRICE | |
| Price amount | 895 |
| Currency code | INR |
| 650 ## - SUBJECT ADDED ENTRY--TOPICAL TERM | |
| Topical term or geographic name entry element | Economics |
| 9 (RLIN) | 102074 |
| 650 ## - SUBJECT ADDED ENTRY--TOPICAL TERM | |
| Topical term or geographic name entry element | Production Economics |
| 9 (RLIN) | 102075 |
| 906 ## - LOCAL DATA ELEMENT F, LDF (RLIN) | |
| a | agriculture ; basins ; change ; Climate ; India: ; river ; selected ; studies |
| 942 ## - ADDED ENTRY ELEMENTS (KOHA) | |
| Source of classification or shelving scheme | Dewey Decimal Classification |
| Koha item type | Book |
| Withdrawn status | Lost status | Damaged status | Not for loan | Collection code | Home library | Current library | Date acquired | Source of acquisition | Cost, normal purchase price | Total Checkouts | Full call number | Barcode | Date last seen | Price effective from | Koha item type |
|---|---|---|---|---|---|---|---|---|---|---|---|---|---|---|---|
| Economics | St Aloysius PG Library | St Aloysius PG Library | 07/28/2014 | Intact Bookhouse | 895.00 | 338.1 PALC | PG012270 | 08/24/2022 | 04/26/2021 | Book |